00573nam a22001812 4500001001100000005001700011008004100028020001700069040001500086245008700101250001300188260003000201300001500231650005200246650006100298700002900359852000300388000001198720151217152105.0090123s xx 000 0 eng d a0304335819 : aKABUcKABU10aKnowledge and nationhood :beducation, politics and work /cJames Avis ...[et al.] a1st ed. aLondon :bCassell,c1996. ax, 198 p. 0aEducation and statezGreat Britain.@0000168124 0aEducationxEconomic aspects.zGreat Britain.@00001681251 aAvis, James.@00001681261